LEADER 01233nam a2200289 u 4500 001 000000069070 003 CaOOAMICUS 005 20150618154338.0 008 020405s1992 it u000 u ita u 035 $a10925602 040 $aPUL(R)$bita 041 1 $aita$hfre 245 13$aIl sogno di Compostella :$bverso la restaurazione di un'Europa cristiana? /$cRené Luneau (ed.) 260 $aBrescia :$bEd. Queriniana,$c1992. 300 $a423 p.$c21 cm 490 1 $aNuovi saggi Queriniana ;$v59 700 1 $aLuneau, René.$0(OLS)http://pul/name/29186 830 0$aNuovi saggi Queriniana ;$v59.$0(OLS)http://pul/title/32862 850 $aPUL 852 $aPUL$W1$xSL Filosofia 1$y2$m123 C 33$j89295$nBK-PRI$b $qStampati$B89295$CPULBib$Z2$F89295 $H $81 852 $aPUL$W1$xDP1 Fondo S. Lanza$y121$m3 B 87$j162940$qFondi$B166801$CPULBib$Z2$F166801 $HLAN2231 $82 941 1 $a8 941 1 $a1 961 $aINV: 68719 961 $aNota ms. di possesso: Sergio Lanza 996 $6245$aIl sogno di Compostella :$bverso la restaurazione di un'Europa cristiana?$9(OLS)http://pul/title/91248 996 $6260$aBrescia :$bEd. Queriniana$9(OLS)http://pul/publisher/53981 LEADER 01358nam a2200301 u 4500 001 000000046146 003 CaOOAMICUS 005 20070226114736.0 008 990628s1962 it u000 u lat u 035 $a10828098 040 $aPUL(R)$bita 100 1 $aMartini, Agostino,$cO. F. M.,$dn. 1933.$0(OLS)http://pul/name/33594 245 10$aDe concilio oecumenico apud iuris peritos O.F.M. usque ad Concilium Vaticanum I /$cp. Augustinus Martini O.F.M. 260 $aRomae :$bPontificium Athaeneum Antonianum,$c1962. 300 $axvi, 206 p. ;$c24 cm 490 1 $aStudia Antoniana ;$v19 500 $a"Index nominum": pp. 193-206. 504 $aBibliografia in nota. 611 24$aConcilium Vaticanum$n(1 :$d1869-1870).$0(OLS)http://pul/subject/1225 650 4$aConcili e sinodi.$0(OLS)http://pul/subject/1553 830 0$aStudia Antoniana ;$v19.$0(OLS)http://pul/title/3417 850 $aPUL 852 $aPUL$W1$xSL Religione 1$y3$m30 E 31$j61920$nBK-PRI$b $qStampati$B61920$CPULBib$Z2$F61920 $H $81 941 1 $a8 960 $aConcilio Vaticano I (1869-1870) $91225 961 $aINV: 21492 996 $6245$aDe concilio oecumenico apud iuris peritos O.F.M. usque ad Concilium Vaticanum I$9(OLS)http://pul/title/62187 996 $6260$aRomae :$bPontificium Athaeneum Antonianum$9(OLS)http://pul/publisher/66375